Missing Word: Advertising 'Claims' (A-Z) Quiz Stats

 Plays Quiz Updated Jan 25, 2017

Support Sporcle.
Go Orange.
Score 0/26 Timer 04:00
2 Plays Today
Subjective Claim / Advertisement Hype Words (A-Z) % Correct
'Once you pop you _____ stop' (C)Can't
98.1%
'Probably the ____ lager in the world' (B)Best
95.9%
'Expect More. Pay _____.' (L)Less
95.5%
'_____, with any purchase!' (F)Free
91.8%
'No he ______!' (D)Didn't
91.3%
'_______ Knows the Kitchen Like KitchenAid' (N)Nobody
90.8%
'The _____ Way to Fly' (O)Only
90.1%
'Jump for ____. ____ is BMW' (J)Joy
88.9%
'Winston tastes _____, like a cigarette should' (G)Good
88.5%
'____ Life. Drama.' (R)Real
87.7%
'It Could Be ____' (Y)You
87.6%
'_____ Funny' (V)Very
85.1%
'The _______ picker-upper' (Q)Quicker
82.1%
Subjective Claim / Advertisement Hype Words (A-Z) % Correct
'You’ll _______ want the butter with the Anchor sign' (A)Always
82%
'_____ See TV' (M)Must
80.6%
'It's simply the ________ way to a beautiful home' (E)Easiest
80.3%
'Our people make you ______' (H)Happy
80.1%
'Two all-beef patties, _______ sauce…' (S)Special
76.3%
'Because I'm ______ it' (W)Worth
75.4%
'We _____ Drama' (K)Know
75%
'New and _________ flavor' (I)Improved
74.8%
'The _________ Driving Machine' (U)Ultimate
70%
'Lipton adds ______ lemon flavor for an exceptional iced tea taste' (Z)Zesty
68.4%
'The Most ________ Name in News' (T)Trusted
61.9%
'The soft bass ringtone with a ____________ topping' (X)Xylophonic
22%
'_________ Entertaining' (P)Positively
20%

Today's Daily Dose

You're not logged in!

Compare scores with friends on all Sporcle quizzes.
OR
Log In
Forgot?

From the Vault

Jumbled Images: Book Titles

by BookishGirl98

We don't recommend storing your books in a jumble like this.
Remove Ads.
Support Sporcle.
Get the best of Sporcle when you Go Orange. This ad-free experience offers more features, more stats, and more fun while also helping to support Sporcle. Thank you for becoming a member.

Show Comments

Extras

Top Quizzes Today


Score Distribution

Your Account Isn't Verified!

In order to create a playlist on Sporcle, you need to verify the email address you used during registration. Go to your Sporcle Settings to finish the process.

Report this User

Report this user for behavior that violates our Community Guidelines.

Details: